[Event "Verbandsliga MV 2014-15"]
[Site "Mecklenburg-Vorpommern"]
[Date "2015.01.18"]
[Round "5.5"]
[White "Sager, Bernd"]
[Black "Borchert, Ulf"]
[Result "1/2-1/2"]
[WhiteElo "1697"]
[BlackElo "1851"]
[PlyCount "24"]
[EventType "team-tourn"]
[EventRounds "9"]
[WhiteTeam "HSG Uni Rostock"]
[BlackTeam "ASV Gruen-Weiss Wismar"]

1. d4 e6 2. c4 Nf6 3. Nf3 d5 4. Nc3 Be7 5. Bg5 Nbd7 6. e3 c6 7. Bd3 Qb6 8. Qc2
h6 9. Bh4 dxc4 10. Bxc4 Nd5 11. Bxe7 Nxe7 12. O-O O-O 1/2-1/2

[Event "Verbandsliga MV 2014-15"]
[Site "Mecklenburg-Vorpommern"]
[Date "2015.01.18"]
[Round "5.6"]
[White "Pentzien, Volker"]
[Black "Hantel, Thomas"]
[Result "1-0"]
[WhiteElo "1830"]
[BlackElo "1693"]
[PlyCount "87"]
[EventType "team-tourn"]
[EventRounds "9"]
[WhiteTeam "ASV Gruen-Weiss Wismar"]
[BlackTeam "HSG Uni Rostock"]

1. e4 c5 2. Nf3 d6 3. Bb5+ Bd7 4. Bxd7+ Qxd7 5. c4 Nc6 6. Nc3 e6 7. O-O Nf6 8.
d4 cxd4 9. Nxd4 Be7 10. Be3 O-O 11. f4 Rfd8 12. Qf3 Rac8 13. b3 d5 14. cxd5
exd5 15. Nxd5 Nxd5 16. exd5 Nxd4 17. Bxd4 Qxd5 18. Qxd5 Rxd5 19. Bxa7 Bf6 20.
Rac1 Ra8 21. Bb6 Rd6 22. Bc7 Bd4+ 23. Kh1 Rc6 24. Rxc6 bxc6 25. a4 f6 26. Rc1
c5 27. Bb6 Rb8 28. a5 Kf7 29. g3 Ke6 30. b4 Kd5 31. bxc5 Kc6 32. a6 Ra8 33. a7
Be3 34. Rc2 g5 35. fxg5 fxg5 36. Kg2 g4 37. Kf1 Kb7 38. Ke2 Bg1 39. Kd3 Rf8 40.
Kc4 Kc6 41. Rd2 Kb7 42. Kb5 Be3 43. c6+ Ka8 44. Bxe3 1-0

[Event "Verbandsliga MV 2014-15"]
[Site "Mecklenburg-Vorpommern"]
[Date "2015.01.18"]
[Round "5.7"]
[White "Schroeder, Christian"]
[Black "Podolskiy, Alexander"]
[Result "0-1"]
[WhiteElo "1852"]
[BlackElo "1828"]
[PlyCount "68"]
[EventType "team-tourn"]
[EventRounds "9"]
[WhiteTeam "HSG Uni Rostock"]
[BlackTeam "ASV Gruen-Weiss Wismar"]

1. c4 e5 2. g3 Nf6 3. Bg2 Bc5 4. e3 Nc6 5. Ne2 O-O 6. Nbc3 a6 7. O-O d6 8. d4
Ba7 9. d5 Ne7 10. b4 Bg4 11. h3 Bf5 12. Kh2 Nd7 13. e4 Bg6 14. g4 h5 15. Ng3
hxg4 16. Qxg4 Bd4 17. Bd2 Nb6 18. Qe2 f5 19. f3 f4 20. Nh1 Nd7 21. Rac1 Bh5 22.
Na4 Nf6 23. c5 Be8 24. c6 bxc6 25. dxc6 Kh8 26. b5 axb5 27. Qxb5 Qc8 28. Qb7
Rxa4 29. Bb4 Bxc6 30. Qxc8 Nxc8 31. a3 Bb5 32. Rfd1 c5 33. Be1 Rxa3 34. Nf2 Be2
0-1

[Event "Verbandsliga MV 2014-15"]
[Site "Mecklenburg-Vorpommern"]
[Date "2015.01.18"]
[Round "5.8"]
[White "Junggebauer, Thomas"]
[Black "Ernst, Mathias"]
[Result "1-0"]
[WhiteElo "1786"]
[BlackElo "1630"]
[PlyCount "83"]
[EventType "team-tourn"]
[EventRounds "9"]
[WhiteTeam "ASV Gruen-Weiss Wismar"]
[BlackTeam "HSG Uni Rostock"]

1. e4 c5 2. Nf3 Nc6 3. Bb5 d6 4. Bxc6+ bxc6 5. d3 Nf6 6. h3 g6 7. O-O Bg7 8. e5
Nd5 9. exd6 Qxd6 10. Nbd2 O-O 11. Ne4 Qc7 12. Nxc5 Rb8 13. c3 e5 14. Qa4 Rb5
15. Nb3 Rb8 16. Bd2 Bf5 17. d4 f6 18. Rfe1 Rfe8 19. Qa3 e4 20. Nh2 Bf8 21. Nc5
h5 22. b4 Bd6 23. Nf1 Qc8 24. h4 Re7 25. Qb3 Kh7 26. Ne3 Nf4 27. Qc2 Bxc5 28.
bxc5 Nd3 29. Reb1 Reb7 30. Rb3 Rxb3 31. axb3 Qc7 32. b4 Qf4 33. Bc1 Qxh4 34.
Rxa7+ Kh8 35. Qd2 Qf4 36. Nxf5 Qxd2 37. Bxd2 gxf5 38. g3 Re8 39. Kg2 Nb2 40.
Kh3 Nd3 41. Be3 Ne1 42. Kh4 1-0

[Event "Verbandsliga MV 2014-15"]
[Site "Mecklenburg-Vorpommern"]
[Date "2015.01.18"]
[Round "5.1"]
[White "Seiler, Dirk"]
[Black "Schinke, Andreas"]
[Result "1-0"]
[WhiteElo "2116"]
[BlackElo "2042"]
[PlyCount "87"]
[EventType "team-tourn"]
[EventRounds "9"]
[WhiteTeam "SG Güstrow/Teterow"]
[BlackTeam "SV Blau-Weiss Grevesmuehlen"]

1. d4 Nf6 2. Nf3 g6 3. Bg5 Bg7 4. Nbd2 d5 5. e3 O-O 6. Bd3 c5 7. c3 Qb6 8. Rb1
Nc6 9. O-O Bf5 10. Bxf5 gxf5 11. Ne5 Rad8 12. Qc2 e6 13. Ndf3 h6 14. Bh4 Rfe8
15. Qe2 cxd4 16. exd4 Rc8 17. Rfe1 Ne4 18. Nd3 Qa6 19. a3 Ne7 20. Qe3 Ng6 21.
Bg3 Nxg3 22. hxg3 Qd6 23. Nfe5 Nxe5 24. Nxe5 b6 25. Qf3 Qd8 26. g4 Bxe5 27.
Rxe5 fxg4 28. Qxg4+ Kh7 29. Qf4 Qc7 30. g3 Rg8 31. Kg2 Rg6 32. Qe3 Rcg8 33. Rh1
Qd8 34. Reh5 Qf6 35. R1h4 Kg7 36. Rf4 Qd8 37. Qe5+ Kf8 38. Rfh4 Rg5 39. Qf4 Qd7
40. Rxh6 Qd8 41. Rxe6 Qc8 42. Qd6+ Kg7 43. Reh6 Rf5 44. Rf4 1-0

[Event "Verbandsliga MV 2014-15"]
[Site "Mecklenburg-Vorpommern"]
[Date "2015.01.18"]
[Round "5.2"]
[White "Boehme, Andy"]
[Black "Dettmann, Gerd"]
[Result "1-0"]
[WhiteElo "2018"]
[BlackElo "2139"]
[PlyCount "107"]
[EventType "team-tourn"]
[EventRounds "9"]
[WhiteTeam "SV Blau-Weiss Grevesmuehlen"]
[BlackTeam "SG Güstrow/Teterow"]

1. g3 c5 2. Bg2 Nc6 3. d3 Nf6 4. Nd2 g6 5. c3 Bg7 6. Nh3 O-O 7. O-O d6 8. f3 b5
9. Nf2 Bb7 10. e4 Qb6 11. a4 a6 12. f4 Rfd8 13. g4 b4 14. Nc4 Qc7 15. g5 Nd7
16. Bd2 a5 17. Ng4 Nb6 18. Nce3 Ba6 19. Be1 e6 20. Nf6+ Kh8 21. Neg4 Nd7 22.
Qf3 h5 23. Qh3 Bxd3 24. Qxd3 hxg4 25. Nxg4 Kg8 26. Rd1 Nb6 27. b3 Rab8 28. Nf6+
Kf8 29. cxb4 axb4 30. Bf2 Qe7 31. Ng4 Nd4 32. Rfe1 Nd7 33. Ne3 Kg8 34. h4 Nb6
35. f5 Be5 36. f6 Qc7 37. Ng4 Kf8 38. Rc1 Qa7 39. Nxe5 dxe5 40. h5 c4 41. bxc4
Nxa4 42. hxg6 fxg6 43. Qh3 Qf7 44. Ra1 Nc5 45. Qh2 Kg8 46. Re3 Ra8 47. Rxa8
Rxa8 48. Qxe5 Ncb3 49. Rh3 Ra1+ 50. Kh2 Nc6 51. Qd6 Nba5 52. e5 Ra2 53. Bxc6
Rxf2+ 54. Kg1 1-0

[Event "Verbandsliga MV 2014-15"]
[Site "Mecklenburg-Vorpommern"]
[Date "2015.01.18"]
[Round "5.3"]
[White "Waschk, Armin"]
[Black "Naujok, Joerg"]
[Result "1-0"]
[WhiteElo "2086"]
[BlackElo "1958"]
[PlyCount "81"]
[EventType "team-tourn"]
[EventRounds "9"]
[WhiteTeam "SG Güstrow/Teterow"]
[BlackTeam "SV Blau-Weiss Grevesmuehlen"]

1. e4 e6 2. d4 b6 3. d5 e5 4. Bd3 g6 5. Ne2 Na6 6. c3 Bg7 7. O-O Ne7 8. f4 Nc5
9. Bc2 a5 10. fxe5 Bxe5 11. Nd4 Ba6 12. Rf2 Nb7 13. Bg5 O-O 14. Nf3 Bg7 15.
Nbd2 f6 16. Be3 c5 17. dxc6 Nxc6 18. Bb3+ Kh8 19. Nc4 b5 20. Nb6 Qe7 21. Nxa8
Rxa8 22. Bd5 b4 23. Qd2 Nc5 24. cxb4 Nxe4 25. Bxe4 Qxe4 26. bxa5 d5 27. Re1 Ne5
28. Nxe5 fxe5 29. Bg5 Qd3 30. Bh6 Qd4 31. Bxg7+ Kxg7 32. Qxd4 exd4 33. b4 Bc4
34. Rd2 d3 35. Re3 Rb8 36. a3 Kf6 37. Kf2 Kf5 38. Kf3 d4 39. g4+ Kg5 40. Rexd3
Rf8+ 41. Kg3 1-0

[Event "Verbandsliga MV 2014-15"]
[Site "Mecklenburg-Vorpommern"]
[Date "2015.01.18"]
[Round "5.4"]
[White "Wecke, Thoralf"]
[Black "Luther, Alexander"]
[Result "1/2-1/2"]
[WhiteElo "1909"]
[BlackElo "1928"]
[PlyCount "75"]
[EventType "team-tourn"]
[EventRounds "9"]
[WhiteTeam "SV Blau-Weiss Grevesmuehlen"]
[BlackTeam "SG Güstrow/Teterow"]

1. d4 Nf6 2. Bg5 c6 3. Bxf6 exf6 4. e3 d5 5. g3 Qb6 6. b3 Bf5 7. Bd3 Be6 8. Ne2
Bg4 9. Nd2 Bb4 10. Qc1 Bxe2 11. Kxe2 Bc3 12. Rb1 O-O 13. b4 Re8 14. Kf3 a5 15.
b5 c5 16. dxc5 Qxc5 17. Nb3 Qd6 18. Nd4 Nd7 19. Kg2 Ne5 20. Rd1 Bxd4 21. exd4
Nxd3 22. cxd3 Rac8 23. Qb2 h5 24. Rbc1 h4 25. Rxc8 Rxc8 26. Rc1 Re8 27. Qd2 Qe6
28. h3 hxg3 29. Kxg3 Qf5 30. Rc7 b6 31. Rc6 Re6 32. Rxe6 Qxe6 33. Qe3 Kf8 34.
Qf4 Ke7 35. Qc7+ Ke8 36. Qb8+ Ke7 37. Qc7+ Ke8 38. Qb8+ 1/2-1/2

[Event "Verbandsliga MV 2014-15"]
[Site "Mecklenburg-Vorpommern"]
[Date "2015.01.18"]
[Round "5.5"]
[White "Dettmann, Holger"]
[Black "Stiegler, Maik"]
[Result "1/2-1/2"]
[WhiteElo "1905"]
[BlackElo "1857"]
[PlyCount "21"]
[EventType "team-tourn"]
[EventRounds "9"]
[WhiteTeam "SG Güstrow/Teterow"]
[BlackTeam "SV Blau-Weiss Grevesmuehlen"]

1. d4 f5 2. Nc3 g6 3. h4 Bg7 4. h5 d6 5. hxg6 hxg6 6. Rxh8 Bxh8 7. Bg5 c6 8.
Qd2 Qa5 9. Nf3 Be6 10. a3 Nd7 11. e3 1/2-1/2

[Event "Verbandsliga MV 2014-15"]
[Site "Mecklenburg-Vorpommern"]
[Date "2015.01.18"]
[Round "5.6"]
[White "Haase, Sebastian"]
[Black "Kiel, Bernd"]
[Result "0-1"]
[WhiteElo "1745"]
[BlackElo "1896"]
[PlyCount "80"]
[EventType "team-tourn"]
[EventRounds "9"]
[WhiteTeam "SV Blau-Weiss Grevesmuehlen"]
[BlackTeam "SG Güstrow/Teterow"]

1. d4 Nf6 2. Bf4 g6 3. Nf3 Bg7 4. e3 d5 5. Bd3 O-O 6. Nbd2 c5 7. c3 cxd4 8.
exd4 Nc6 9. h3 Re8 10. Ne5 Nh5 11. Bh2 Bh6 12. Qf3 Nxe5 13. Bxe5 f6 14. g4 Ng7
15. Bf4 Bxf4 16. Qxf4 e5 17. dxe5 fxe5 18. Qg3 e4 19. Bb5 Bd7 20. Bxd7 Qxd7 21.
O-O Re7 22. Rfe1 Rf8 23. Re3 Qb5 24. Nb3 Ref7 25. Rae1 Ne6 26. h4 Nf4 27. f3
exf3 28. Qxf3 Nd3 29. Nd4 Rxf3 30. Nxb5 Nxe1 31. Rxe1 Rg3+ 32. Kh2 Rxg4 33. Kh3
Rff4 34. Nd4 Rxh4+ 35. Kg3 Rhg4+ 36. Kh3 Kf7 37. Nf3 Re4 38. Rxe4 Rxe4 39. Ng5+
Kf6 40. Nxe4+ dxe4 0-1

[Event "Verbandsliga MV 2014-15"]
[Site "Mecklenburg-Vorpommern"]
[Date "2015.01.18"]
[Round "5.7"]
[White "Fidorra, Thomas"]
[Black "Wulff, Jens Peter"]
[Result "1-0"]
[WhiteElo "1879"]
[BlackElo "1638"]
[PlyCount "109"]
[EventType "team-tourn"]
[EventRounds "9"]
[WhiteTeam "SG Güstrow/Teterow"]
[BlackTeam "SV Blau-Weiss Grevesmuehlen"]

1. e4 g6 2. d4 Bg7 3. Nc3 c6 4. f4 d6 5. Nf3 Nh6 6. Be3 Ng4 7. Bg1 Qa5 8. Qd2
b5 9. Bd3 Na6 10. Nxb5 Qxd2+ 11. Kxd2 cxb5 12. Bxb5+ Kf8 13. h3 Nf6 14. Bc6 Rb8
15. e5 Nh5 16. Bh2 Nb4 17. Be4 Bh6 18. c3 Nxf4 19. cxb4 Nxg2+ 20. Kc3 Nf4 21.
exd6 exd6 22. a4 Kg7 23. Bxf4 Bxf4 24. Bc6 a5 25. b5 Bf5 26. b4 axb4+ 27. Kxb4
Rhc8 28. Rac1 Bxc1 29. Rxc1 Be4 30. Bxe4 Rxc1 31. Ka5 Ra1 32. Bc6 f6 33. Nd2
Rd1 34. Nb3 Rd3 35. Kb4 f5 36. a5 f4 37. a6 f3 38. a7 f2 39. axb8=Q f1=Q 40.
Qe8 Qf4 41. Qe7+ Kh6 42. h4 Rg3 43. b6 g5 44. hxg5+ Rxg5 45. b7 d5 46. Qe6+ Rg6
47. Qc8 Qd6+ 48. Nc5 Qf4 49. Qh3+ Kg7 50. Ne6+ Rxe6 51. Qxe6 Qxd4+ 52. Kb5 Qc4+
53. Kb6 Qd4+ 54. Kc7 Qa7 55. Qe5+ 1-0

[Event "Verbandsliga MV 2014-15"]
[Site "Mecklenburg-Vorpommern"]
[Date "2015.01.18"]
[Round "5.1"]
[White "Schreiber, Kevin"]
[Black "Springer, Guido"]
[Result "1-0"]
[WhiteElo "2020"]
[BlackElo "1768"]
[PlyCount "22"]
[EventType "team-tourn"]
[EventRounds "9"]
[WhiteTeam "SF Schwerin  III"]
[BlackTeam "SV Gryps"]

1. d4 Nf6 2. Nf3 d6 3. c4 g6 4. g3 Bg7 5. Bg2 O-O 6. O-O Nc6 7. Nc3 e5 8. d5
Ne7 9. e4 Nh5 10. Ne1 f5 11. exf5 gxf5 1-0

[Event "Verbandsliga MV 2014-15"]
[Site "Mecklenburg-Vorpommern"]
[Date "2015.01.18"]
[Round "5.2"]
[White "Voelsgen, Georg"]
[Black "Hanisch, Sebastian"]
[Result "0-1"]
[WhiteElo "1978"]
[BlackElo "2017"]
[PlyCount "74"]
[EventType "team-tourn"]
[EventRounds "9"]
[WhiteTeam "SV Gryps"]
[BlackTeam "SF Schwerin  III"]

1. e4 e5 2. Nf3 Nc6 3. Bc4 Bc5 4. c3 Nf6 5. d3 d6 6. Bg5 O-O 7. Nbd2 Be6 8. Qe2
a6 9. Nf1 b5 10. Bd5 Bxd5 11. exd5 Ne7 12. Bxf6 gxf6 13. c4 f5 14. Ng3 Bb4+ 15.
Kf1 f4 16. Nh5 Ng6 17. g3 fxg3 18. hxg3 f5 19. Qe3 f4 20. Qe4 fxg3 21. fxg3 Bc5
22. Kg2 bxc4 23. dxc4 Qd7 24. Raf1 Qf5 25. Nd2 Qg5 26. Qe2 Nf4+ 27. Nxf4 exf4
28. Qe6+ Kh8 29. Ne4 Qg7 30. Rxh7+ Qxh7 31. Ng5 Qc2+ 32. Kh1 Qf5 33. Qh6+ Kg8
34. g4 Qd3 35. Qe6+ Kg7 36. Qe7+ Kh6 37. Kg2 Qg3+ 0-1

[Event "Verbandsliga MV 2014-15"]
[Site "Mecklenburg-Vorpommern"]
[Date "2015.01.18"]
[Round "5.3"]
[White "Wagner, Ralph"]
[Black "Windjaeger, Gerd"]
[Result "0-1"]
[WhiteElo "2059"]
[BlackElo "1945"]
[PlyCount "52"]
[EventType "team-tourn"]
[EventRounds "9"]
[WhiteTeam "SF Schwerin  III"]
[BlackTeam "SV Gryps"]

1. d4 d5 2. c4 dxc4 3. Nf3 Nf6 4. Nc3 c6 5. a4 Bf5 6. e3 e6 7. Bxc4 Bb4 8. O-O
O-O 9. Qe2 Nbd7 10. e4 Bg6 11. Bd3 Bh5 12. Qc2 Bxf3 13. gxf3 e5 14. f4 exd4 15.
Na2 Ba5 16. e5 Ng4 17. b4 Bc7 18. Bxh7+ Kh8 19. Bf5 Qh4 20. f3 d3 21. Qg2 Bb6+
22. Kh1 Nf2+ 23. Rxf2 Bxf2 24. Bxd7 Rad8 25. e6 fxe6 26. Bb2 Rxd7 0-1

[Event "Verbandsliga MV 2014-15"]
[Site "Mecklenburg-Vorpommern"]
[Date "2015.01.18"]
[Round "5.4"]
[White "Mauser, Tassilo Tino"]
[Black "Wandel, Bernd"]
[Result "0-1"]
[WhiteElo "1682"]
[BlackElo "2032"]
[PlyCount "54"]
[EventType "team-tourn"]
[EventRounds "9"]
[WhiteTeam "SV Gryps"]
[BlackTeam "SF Schwerin  III"]

1. Nf3 Nf6 2. g3 g6 3. Bg2 Bg7 4. O-O O-O 5. d4 d6 6. Nbd2 Nc6 7. e4 Bg4 8. c3
e5 9. Qb3 Qc8 10. Re1 h6 11. dxe5 dxe5 12. Nf1 Rd8 13. Qc2 Bh3 14. Bh1 Qe6 15.
b3 Rd7 16. Bb2 Rad8 17. N3d2 Ne7 18. Rad1 Qa6 19. c4 Nc6 20. Nf3 Rxd1 21. Rxd1
Rxd1 22. Qxd1 Qxa2 23. Ba1 Nxe4 24. N1d2 Nc5 25. b4 Nd3 26. b5 Ncb4 27. Ne1
Nxe1 0-1

[Event "Verbandsliga MV 2014-15"]
[Site "Mecklenburg-Vorpommern"]
[Date "2015.01.18"]
[Round "5.5"]
[White "Kross, Gunnar"]
[Black "Hollatz, Michael"]
[Result "1-0"]
[WhiteElo "1965"]
[BlackElo "1776"]
[PlyCount "113"]
[EventType "team-tourn"]
[EventRounds "9"]
[WhiteTeam "SF Schwerin  III"]
[BlackTeam "SV Gryps"]

1. d4 d5 2. c4 c6 3. Nc3 Nf6 4. Nf3 e6 5. e3 Nbd7 6. Bd3 Bd6 7. O-O b6 8. cxd5
exd5 9. e4 dxe4 10. Nxe4 Nxe4 11. Bxe4 Qc7 12. Bg5 h6 13. Bh4 g5 14. Bg3 Nf6
15. Qc2 Bb7 16. Rac1 Nxe4 17. Qxe4+ Qe7 18. Rfe1 Qxe4 19. Rxe4+ Kd7 20. Bxd6
Kxd6 21. Rce1 Rhf8 22. Re7 Ba6 23. b3 Bd3 24. Rb7 Ba6 25. Rbe7 Bd3 26. Nd2 b5
27. f3 Bf5 28. R7e5 Bd7 29. Ne4+ Kc7 30. Nc5 Rae8 31. Re7 Rd8 32. Kf2 Kc8 33.
b4 Kc7 34. a3 Kc8 35. R1e5 f5 36. Rh7 Rf6 37. Ke3 Rd6 38. Ree7 h5 39. Nxd7
R8xd7 40. Rxd7 Rxd7 41. Rxh5 Re7+ 42. Kd3 Rg7 43. Rh6 Kb7 44. Rf6 f4 45. Rf5
Kb6 46. Ke4 a5 47. Rc5 axb4 48. axb4 g4 49. Kxf4 gxf3 50. Kxf3 Rh7 51. h3 Rf7+
52. Ke3 Rg7 53. g4 Rh7 54. Rh5 Re7+ 55. Kd3 Rf7 56. Rf5 Rh7 57. Rf3 1-0

[Event "Verbandsliga MV 2014-15"]
[Site "Mecklenburg-Vorpommern"]
[Date "2015.01.18"]
[Round "5.6"]
[White "Sadewasser, Lucie"]
[Black "Helms, Sven"]
[Result "0-1"]
[WhiteElo "1682"]
[BlackElo "1928"]
[PlyCount "56"]
[EventType "team-tourn"]
[EventRounds "9"]
[WhiteTeam "SV Gryps"]
[BlackTeam "SF Schwerin  III"]

1. e4 e6 2. d4 d5 3. exd5 exd5 4. Bd3 Bd6 5. c3 Nf6 6. Bg5 O-O 7. h3 h6 8. Bh4
Qe8+ 9. Ne2 Ne4 10. Nd2 g5 11. Bxe4 dxe4 12. Bg3 Bf5 13. Bxd6 cxd6 14. g4 Bg6
15. Qb3 e3 16. fxe3 Qxe3 17. Qxb7 Nd7 18. Qf3 Qe6 19. Rf1 Rae8 20. Rf2 f5 21.
d5 Qe7 22. gxf5 Rxf5 23. Qg2 Rxf2 24. Qxf2 Bd3 25. Nf3 Qxe2+ 26. Qxe2 Rxe2+ 27.
Kd1 Rf2 28. Nd2 Rh2 0-1

[Event "Verbandsliga MV 2014-15"]
[Site "Mecklenburg-Vorpommern"]
[Date "2015.01.18"]
[Round "5.7"]
[White "Goertz, Frank"]
[Black "Wagner, Swenja"]
[Result "1-0"]
[WhiteElo "1880"]
[BlackElo "1491"]
[PlyCount "69"]
[EventType "team-tourn"]
[EventRounds "9"]
[WhiteTeam "SF Schwerin  III"]
[BlackTeam "SV Gryps"]

1. e4 e5 2. f4 exf4 3. Nf3 g5 4. Bc4 Nc6 5. d4 Bg7 6. O-O d6 7. c3 Bg4 8. Qb3
Na5 9. Bxf7+ Kf8 10. Qa3 Kxf7 11. Qxa5 h6 12. g3 Bh3 13. Rf2 fxg3 14. hxg3 Nf6
15. e5 dxe5 16. Nxe5+ Kg8 17. Nd2 Ng4 18. Nxg4 Bxg4 19. Qb5 b6 20. Qc6 Bd7 21.
Qd5+ Kh7 22. Rf7 Be8 23. Qe4+ Kg8 24. Rf2 Rc8 25. Nf3 Qd6 26. Ne5 c5 27. Be3
Bc6 28. Nxc6 Qxc6 29. d5 Qd6 30. Kg2 Rd8 31. c4 b5 32. Rd1 bxc4 33. Qxc4 Be5
34. Bxc5 Qd7 35. d6+ 1-0

[Event "Verbandsliga MV 2014-15"]
[Site "Mecklenburg-Vorpommern"]
[Date "2015.01.18"]
[Round "5.8"]
[White "Matzek Lichtenstein, Franz David"]
[Black "Schiewer, Robert"]
[Result "1/2-1/2"]
[WhiteElo "1650"]
[BlackElo "1840"]
[PlyCount "62"]
[EventType "team-tourn"]
[EventRounds "9"]
[WhiteTeam "SV Gryps"]
[BlackTeam "SF Schwerin  III"]

1. c4 c5 2. Nc3 Nf6 3. g3 d5 4. cxd5 Nxd5 5. Bg2 e6 6. Nf3 Nc6 7. O-O Be7 8. d3
O-O 9. a3 Bf6 10. Ne4 Qb6 11. Nxf6+ Nxf6 12. e3 Rd8 13. Qc2 Bd7 14. Bd2 Rac8
15. Bc3 Nd5 16. Ne5 Nxe5 17. Bxe5 f6 18. Bc3 Bb5 19. Rfd1 Rd7 20. a4 Bc6 21.
Bh3 Re7 22. Rab1 Nb4 23. Bxb4 Qxb4 24. b3 f5 25. Rdc1 Bd5 26. Qc3 Rec7 27. Bg2
Bxg2 28. Kxg2 Qb6 29. Qc4 Qd6 30. Rc3 Rc6 31. Rbc1 Qd5+ 1/2-1/2

[Event "Verbandsliga MV 2014-15"]
[Site "Mecklenburg-Vorpommern"]
[Date "2015.02.22"]
[Round "6.1"]
[White "Ruesch, Hans Joachim"]
[Black "Mehl, Ronald"]
[Result "0-1"]
[WhiteElo "1976"]
[BlackElo "2095"]
[PlyCount "68"]
[EventType "team-tourn"]
[EventRounds "9"]
[WhiteTeam "SF Ostsee Warnemuende"]
[BlackTeam "FHSG Stralsund"]

1. d4 Nf6 2. c4 e6 3. Nf3 d5 4. Nc3 Be7 5. Bf4 O-O 6. e3 b6 7. h3 Bb7 8. Be2
Nbd7 9. O-O a6 10. cxd5 exd5 11. Rc1 c5 12. dxc5 bxc5 13. Qb3 Ra7 14. Rfd1 Qa8
15. Ne1 Bc6 16. Rd2 c4 17. Qc2 Bb4 18. Nf3 Ne4 19. Rdd1 Bxc3 20. bxc3 Ndc5 21.
Qb2 Ba4 22. Rf1 Nd3 23. Qa3 Nxc1 24. Rxc1 Bd7 25. Nd4 Qb7 26. f3 Nf6 27. g4 Qb6
28. Kf2 Rb7 29. Rg1 Re8 30. h4 a5 31. h5 a4 32. Rh1 Qb2 33. Qd6 Bxg4 34. fxg4
Ne4+ 0-1

[Event "Verbandsliga MV 2014-15"]
[Site "Mecklenburg-Vorpommern"]
[Date "2015.02.22"]
[Round "6.2"]
[White "Hubert, Peter"]
[Black "Schumacher, Dirk"]
[Result "0-1"]
[WhiteElo "1999"]
[BlackElo "1955"]
[PlyCount "42"]
[EventType "team-tourn"]
[EventRounds "9"]
[WhiteTeam "FHSG Stralsund"]
[BlackTeam "SF Ostsee Warnemuende"]

1. Nf3 Nf6 2. g3 g6 3. Bg2 Bg7 4. O-O O-O 5. c4 c6 6. d4 d5 7. Nc3 dxc4 8. Ne5
Be6 9. a4 Nbd7 10. a5 Nxe5 11. dxe5 Nd5 12. f4 Nxc3 13. bxc3 Qc7 14. Qa4 f6 15.
exf6 Bxf6 16. Ra3 Rfd8 17. Be3 Qd7 18. Qb4 Bd5 19. Rb1 Qe6 20. Bxd5 Rxd5 21.
Kf2 Rb5 0-1

[Event "Verbandsliga MV 2014-15"]
[Site "Mecklenburg-Vorpommern"]
[Date "2015.02.22"]
[Round "6.3"]
[White "Hamann, Dirk"]
[Black "Kohn, Andreas"]
[Result "1/2-1/2"]
[WhiteElo "1892"]
[BlackElo "1926"]
[PlyCount "42"]
[EventType "team-tourn"]
[EventRounds "9"]
[WhiteTeam "SF Ostsee Warnemuende"]
[BlackTeam "FHSG Stralsund"]

1. e4 e6 2. d4 d5 3. Nc3 Bb4 4. e5 c5 5. a3 Bxc3+ 6. bxc3 Nc6 7. Nf3 Nge7 8.
Bd3 c4 9. Be2 O-O 10. O-O Ng6 11. a4 f6 12. Ba3 Rf7 13. exf6 Qxf6 14. Bd6 b6
15. Qd2 Bb7 16. Ng5 Rd7 17. Bg3 h6 18. Nf3 Rf8 19. Rfe1 Rdf7 20. Qe3 Bc8 21.
Bd1 Nf4 1/2-1/2

[Event "Verbandsliga MV 2014-15"]
[Site "Mecklenburg-Vorpommern"]
[Date "2015.02.22"]
[Round "6.4"]
[White "Kohn, Thomas"]
[Black "Wolke, Heiko"]
[Result "0-1"]
[WhiteElo "1886"]
[BlackElo "1950"]
[PlyCount "107"]
[EventType "team-tourn"]
[EventRounds "9"]
[WhiteTeam "FHSG Stralsund"]
[BlackTeam "SF Ostsee Warnemuende"]

1. Nf3 Nf6 2. d4 c5 3. g3 e6 4. Bg2 Nc6 5. O-O d5 6. c3 Bd6 7. Re1 O-O 8. Bg5
h6 9. Bxf6 Qxf6 10. e4 dxe4 11. Rxe4 Rd8 12. Nbd2 cxd4 13. Nxd4 e5 14. Nxc6
bxc6 15. Rc4 Qe7 16. Qa4 Rb8 17. Qc2 c5 18. Ne4 Ba6 19. Nxd6 Qxd6 20. Ra4 Bd3
21. Qd2 Qb6 22. Ra3 Bg6 23. Qe2 Qxb2 24. Qxb2 Rxb2 25. Rxa7 Rdd2 26. Rf1 Bd3
27. Re1 Rxf2 28. Bd5 c4 29. a4 e4 30. Ra8+ Kh7 31. Bxe4+ Bxe4 32. Rxe4 Rg2+ 33.
Kf1 Rxh2 34. Kg1 Rhg2+ 35. Kf1 Rgc2 36. Ra7 Rxc3 37. Rxf7 Rxg3 38. Rxc4 Ra3 39.
Re7 Rf3+ 40. Kg1 Rg3+ 41. Kf1 Ra2 42. Re5 Rga3 43. Ree4 h5 44. Re5 g6 45. Rc7+
Kh6 46. Rc8 Rxa4 47. Rh8+ Kg7 48. Ree8 Kf6 49. Rhf8+ Kg5 50. Re5+ Kg4 51. Rg8
Rf4+ 52. Kg1 Kf3 53. Re1 Rg2+ 54. Kf1 0-1

[Event "Verbandsliga MV 2014-15"]
[Site "Mecklenburg-Vorpommern"]
[Date "2015.02.22"]
[Round "6.6"]
[White "Glawe, Hartmut"]
[Black "Schmidt, Reinhard"]
[Result "1-0"]
[WhiteElo "1865"]
[BlackElo "1815"]
[PlyCount "61"]
[EventType "team-tourn"]
[EventRounds "9"]
[WhiteTeam "FHSG Stralsund"]
[BlackTeam "SF Ostsee Warnemuende"]

1. Nf3 b6 2. d4 Bb7 3. c4 f5 4. Nc3 Nf6 5. g3 e6 6. Bg2 Be7 7. O-O O-O 8. d5
exd5 9. cxd5 Na6 10. Nd4 Ne8 11. Qc2 g6 12. Bh6 Rf7 13. Rad1 Bg5 14. Ne6 Bxh6
15. Nxd8 Rxd8 16. e4 fxe4 17. Bxe4 d6 18. Bg2 Bc8 19. Nb5 Nf6 20. Nxa7 Bf5 21.
Qc4 Nc5 22. Nc6 Ra8 23. Rfe1 Bf8 24. Nd4 Bc8 25. Ne6 Ra4 26. b4 Ba6 27. Qc3 Ng4
28. bxc5 Rxf2 29. Rd2 Rxa2 30. Rxf2 Rxf2 31. h3 1-0

[Event "Verbandsliga MV 2014-15"]
[Site "Mecklenburg-Vorpommern"]
[Date "2015.02.22"]
[Round "6.7"]
[White "Feindura, Rene"]
[Black "Vlach, Michael"]
[Result "1-0"]
[WhiteElo "1846"]
[BlackElo "1596"]
[PlyCount "59"]
[EventType "team-tourn"]
[EventRounds "9"]
[WhiteTeam "SF Ostsee Warnemuende"]
[BlackTeam "FHSG Stralsund"]

1. e4 e6 2. Nf3 d5 3. exd5 exd5 4. d4 Bg4 5. Be2 Nf6 6. h3 Bh5 7. Nbd2 Bd6 8.
O-O O-O 9. Ne5 Bxe2 10. Qxe2 Re8 11. f4 Nc6 12. c3 Ne7 13. Qd3 c5 14. dxc5
Bxc5+ 15. Kh2 d4 16. Nb3 Qd5 17. Nxc5 Qxc5 18. cxd4 Qd5 19. Be3 Rec8 20. b3 Rc7
21. Rfc1 Rac8 22. Rxc7 Rxc7 23. Rc1 Rxc1 24. Bxc1 Ne4 25. Ba3 Nf5 26. Qc2 Nfd6
27. Qc7 g6 28. Bxd6 Nxd6 29. Qd8+ Kg7 30. Nc4 1-0

[Event "Verbandsliga MV 2014-15"]
[Site "Mecklenburg-Vorpommern"]
[Date "2015.02.22"]
[Round "6.8"]
[White "Vietinghoff, Klaus"]
[Black "Vladov, Mark"]
[Result "1-0"]
[WhiteElo "1690"]
[BlackElo "1597"]
[PlyCount "77"]
[EventType "team-tourn"]
[EventRounds "9"]
[WhiteTeam "FHSG Stralsund"]
[BlackTeam "SF Ostsee Warnemuende"]

1. f4 d5 2. Nf3 Nf6 3. e3 g6 4. b3 Bg7 5. Bb2 O-O 6. Be2 c5 7. O-O Nc6 8. Bb5
Qb6 9. Bxc6 bxc6 10. Qe1 Bf5 11. d3 c4 12. Qe2 Rfe8 13. h3 Nh5 14. Bxg7 Nxf4
15. Qf2 cxd3 16. exf4 dxc2 17. Na3 Kxg7 18. Nd4 Bd3 19. Rfe1 c5 20. Ndxc2 Rac8
21. Ne3 e6 22. Rac1 Qa6 23. Qb2+ f6 24. g4 Qd6 25. Ng2 e5 26. g5 Be4 27. Nb5
Qb6 28. Nc3 c4+ 29. Qf2 Qxf2+ 30. Kxf2 f5 31. Nxe4 fxe4 32. Ke3 Rf8 33. bxc4
exf4+ 34. Nxf4 d4+ 35. Kxe4 Rce8+ 36. Kf3 d3 37. Rxe8 d2 38. Rd1 Rxe8 39. Rxd2
1-0